00521nam a2200145Ia 4500003000900000008004100009020002600050040001600076100002500092245007000117260003200187300002000219490003300239856010300272IN-BaIIA211028s9999 xx s 000 0 eng d a9780819483157 (Print) cIIA Library aHoover, Richard, ed. 0aInstruments, Methods, and Missions for Astrobiology XIIIh[eBook] aWashington, USAbSPIEc2010 aOnline resource aProceedings of SPIE; V. 7819 uhttps://www.spiedigitallibrary.org/conference-proceedings-of-spie/7819yClick Here to Access eBook